Plays for classroom interpretation /

Saved in:
Bibliographic Details
Other Authors: Knickerbocker, Edwin Van Berghen, 1881-, Ricci, Olindo (Illustrator)
Format: Book
Language:English
Published: New York : H. Holt, c1921.
Subjects:
LEADER 01422cam a2200289 a 4500
001 c000394199
003 CARM
005 20130724100023.0
008 130724s1921 nyua 000 0 eng d
010 |a 21011058 
019 1 |a 66610583  |5 LACONCORD2021 
035 |a (OCoLC)3462506  |5 LACONCORD2021 
040 |a DLC  |b eng  |c MnMohC  |d WU  |d DLC 
042 |a premarc 
050 0 0 |a PN6120.A4  |b K6 
245 0 0 |a Plays for classroom interpretation /  |c edited by Edwin Van B. Knickerbocker; ... drawings by Olindo Ricci. 
260 |a New York :  |b H. Holt,  |c c1921. 
300 |a xviii, 264 p. :  |b ill. ;  |c 20 cm. 
505 0 |a pt. l. Classroom work with a play. -- pt. 2. The plays: The golden doom, by Lord Dunsany. Two crooks and a lady, by E. Pillot. Will o' the wisp, by Doris F. Halman. Spreading the news, by Lady Gregory. The turtle dove, by Margaret S. Oliver. Allison's lad, by Beulah M. Dix. Ulysses (scene 2, act III) by S. Phillips. Notes on the plays. -- pt. 3. Notes to the instructor. 
650 0 |a Plays. 
700 1 |a Knickerbocker, Edwin Van Berghen,  |d 1881- 
700 1 |a Ricci, Olindo,  |e ill. 
852 8 |b CARM  |p 0595149  |f BK 
852 8 |b SCAN  |h A3:AG15A0  |i A05768  |p 0595149  |f BK 
999 f f |i b4da6752-c328-5482-8aa4-d600482f59e0  |s cc398517-530e-5f7b-ac37-755549026af3 
952 f f |p Can circulate  |a CAVAL  |b CAVAL  |c CAVAL  |d CARM 1 Store  |i book  |m 0595149 
952 f f |a CAVAL  |b CAVAL  |c CAVAL  |d Unmapped Location  |e A05768  |f A3:AG15A0  |h Other scheme